ARRUPE JESUIT UNIVERSITY

CORONAVIRUS -STOP THE SPREAD - CLEAN,DISINFECT,COVER

Der Zug war pünktlich; (Record no. 130720)

MARC details
000 -LEADER
fixed length control field 00796cam a22002771 4500
001 - CONTROL NUMBER
control field 8530708
003 - CONTROL NUMBER IDENTIFIER
control field ARRUPE
005 - DATE AND TIME OF LATEST TRANSACTION
control field 20211007144211.0
008 - FIXED-LENGTH DATA ELEMENTS--GENERAL INFORMATION
fixed length control field 790514s1973 gw 000 0 ger
010 ## - LIBRARY OF CONGRESS CONTROL NUMBER
LC control number 73337077
015 ## - NATIONAL BIBLIOGRAPHY NUMBER
National bibliography number GFR***
020 ## - INTERNATIONAL STANDARD BOOK NUMBER
International Standard Book Number 3423008180
035 ## - SYSTEM CONTROL NUMBER
System control number (OCoLC)4963099
040 ## - CATALOGING SOURCE
Original cataloging agency DLC
Transcribing agency CoGrU
Modifying agency OCoLC
-- DLC
042 ## - AUTHENTICATION CODE
Authentication code premarc
050 00 - LIBRARY OF CONGRESS CALL NUMBER
Classification number PT2603.O394
Item number Z45 1973
300 ## - PHYSICAL DESCRIPTION
Dimensions 18 cm.
100 1# - MAIN ENTRY--PERSONAL NAME
Personal name Böll, Heinrich,
Dates associated with a name 1917-1985.
9 (RLIN) 50351
245 14 - TITLE STATEMENT
Title Der Zug war pünktlich;
Remainder of title Erzählung.
250 ## - EDITION STATEMENT
Edition statement [4. Aufl.
260 ## - PUBLICATION, DISTRIBUTION, ETC. (IMPRINT)
Place of publication, distribution, etc München]
Name of publisher, distributor, etc Deutscher Taschenbuch Verlag
Date of publication, distribution, etc [1973]
300 ## - PHYSICAL DESCRIPTION
Extent 123 p.
500 ## - GENERAL NOTE
General note "Ungekürzte Ausgabe."
650 #0 - SUBJECT ADDED ENTRY--TOPICAL TERM
Topical term or geographic name as entry element World War, 1939-1945
Form subdivision Fiction.
9 (RLIN) 27050
906 ## - LOCAL DATA ELEMENT F, LDF (RLIN)
a 7
b cbc
c oclcrpl
d u
e ncip
f 19
g y-gencatlg
942 ## - ADDED ENTRY ELEMENTS (KOHA)
Source of classification or shelving scheme Library of Congress Classification
Koha item type Monograph ( Printed materials)
Holdings
Withdrawn status Lost status Source of classification or shelving scheme Damaged status Not for loan Collection code Home library Current library Shelving location Date acquired Total Checkouts Full call number Barcode Date last seen Price effective from Koha item type
    Library of Congress Classification     Main Collection ARRUPE LIBRARY ARRUPE LIBRARY Main Collection 07/10/2021   PT2603.O394 Z45 1973 46600007383 07/10/2021 07/10/2021 Monograph ( Printed materials)

 

Arrupe Library. PO Box MP320 Mt Pleasant, Harare, Zimbabwe
263 242 745411|librarian@aju.ac.zw